Statistics for All Ballon d'Or Winners

Click here to take the quiz!

General Stats

  • This quiz has been taken 55 times
  • The average score is 33 of 65

Answer Stats

HintAnswer% Correct
2011Lionel Messi
96%
2012Lionel Messi
96%
2019Lionel Messi
96%
2009Lionel Messi
96%
2010Lionel Messi
96%
2015Lionel Messi
96%
1997Ronaldo
96%
2002Ronaldo
96%
2014Cristiano Ronaldo
88%
2016Cristiano Ronaldo
88%
2017Cristiano Ronaldo
88%
2008Cristiano Ronaldo
88%
2013Cristiano Ronaldo
88%
2007Kaka
82%
2018Luka Modric
82%
2006Fabio Cannavaro
74%
1998Zinedine Zidane
74%
2020(Robert Lewandowski)
72%
2001Michael Owen
64%
1989Marco van Basten
62%
1992Marco van Basten
62%
1988Marco van Basten
62%
2003Pavel Nedved
62%
2004Andriy Shevchenko
60%
1974Johan Cruyff
60%
1973Johan Cruyff
60%
1983Michel Platini
58%
1984Michel Platini
58%
1985Michel Platini
58%
2000Luis Figo
56%
1999Rivaldo
56%
2005Ronaldinho
56%
1959Alfredo di Stefano
54%
1957Alfredo di Stefano
54%
1968George Best
46%
1995George Weah
46%
1966Bobby Charlton
44%
1970Gerd Muller
44%
1965Eusebio
42%
1971Johan Cruyff
42%
1990Lothar Matthaus
40%
1960Luis Suarez
40%
1956Stanley Matthews
38%
1993Roberto Baggio
36%
1994Hristo Stoichkov
34%
1996Matthias Sammer
34%
1991Jean-Pierre Papin
32%
1972Franz Beckenbauer
26%
1976Franz Beckenbauer
26%
1980Karl-Heinz Rummenigge
26%
1981Karl-Heinz Rummenigge
26%
1964Denis Law
24%
1979Kevin Keegan
24%
1978Kevin Keegan
24%
1987Ruud Gullit
24%
1963Lev Yashin
22%
1982Paolo Rossi
22%
1958Raymond Kopa
12%
1986Igor Belanov
8%
1975Oleg Blokhin
6%
1977Allan Simonsen
4%
1969Gianni Rivera
4%
1961Omar Sivori
4%
1962Josef Masopust
2%
1967Fiorian Albert
0%

Score Distribution

Percentile by Number Answered

Percent of People with Each Score

Your Score History

You have not taken this quiz